Chemistry Part 2 (Record no. 13170)
[ view plain ]
| 000 -LEADER | |
|---|---|
| fixed length control field | 00198nam a2200097 4500 |
| 082 ## - DEWEY DECIMAL CLASSIFICATION NUMBER | |
| Classification number | KHA |
| 100 ## - MAIN ENTRY--AUTHOR NAME | |
| Personal name | Khan, G.A |
| 245 ## - TITLE STATEMENT | |
| Title | Chemistry Part 2 |
| 260 ## - PUBLICATION, DISTRIBUTION, ETC. (IMPRINT) | |
| Place of publication | Lahore: |
| Name of publisher | Jadeed Book, |
| Year of publication | 1979. |
| 942 ## - ADDED ENTRY ELEMENTS (KOHA) | |
| Koha item type | Books |
| Withdrawn status | Lost status | Home library | Current library | Date acquired | Cost, normal purchase price | Full call number | Accession Number | Koha item type |
|---|---|---|---|---|---|---|---|---|
| Book Bank Section | Book Bank Section | 12/02/2020 | 12.00 | KHA | B2226 | Books |